[Event "HUN-chT2 Szechenyi 1112"]
[Site "Hungary"]
[Date "2011.11.13"]
[Round "3.7"]
[White "Katona, Janos"]
[Black "Angyalosi, Daniel"]
[Result "1-0"]
[WhiteElo "1989"]
[BlackElo "2005"]
[PlyCount "89"]
[EventDate "2011.09.25"]
[EventType "team-tourn"]
[EventRounds "11"]
[EventCountry "HUN"]
[SourceTitle "EXT 2013"]
[Source "ChessBase"]
[SourceDate "2012.11.22"]
[SourceVersion "1"]
[SourceVersionDate "2012.11.22"]
[SourceQuality "1"]
[WhiteTeam "Sarvar"]
[BlackTeam "Zalaegerszeg"]
[WhiteTeamCountry "HUN"]
[BlackTeamCountry "HUN"]

1. d4 Nf6 2. c4 e6 3. Nf3 b6 4. g3 Bb4+ 5. Bd2 Bxd2+ 6. Qxd2 Bb7 7. Bg2 0-0 8. 0-0 d5 9. Ne5 c5 10. e3 Qe7 11. Nc3 cxd4 12. Qxd4 Nc6 13. Nxc6 Bxc6 14. cxd5 Nxd5 15. Nxd5 exd5 16. Bxd5 Rad8 17. e4 Qg5 18. Rad1 Bxd5 19. exd5 Rd6 20. Rd3 Rfd8 21. Rfd1 h5 22. h4 Qf5 23. Qc4 Rc8 24. Qb3 Rf6 25. R3d2 Rd6 26. Qa3 Qd7 27. Qf3 g6 28. Re1 Re8 29. Rxe8+ Qxe8 30. Qe3 Qxe3 31. fxe3 Kg7 32. Kf2 Kf6 33. e4 Ke5 34. Ke3 b5 35. b4 Ra6 36. Rd3 Rd6 37. Ra3 a6 38. Rc3 f6 39. Rc6 Rxc6 40. dxc6 Kd6 41. e5+ Kxc6 42. exf6 Kd6 43. Kf4 Ke6 44. Kg5 Kf7 45. a3 1-0

[Event "HUN-chT2 Szechenyi 1011"]
[Site "Hungary"]
[Date "2010.09.26"]
[Round "2.5"]
[White "Angyalosi, Daniel"]
[Black "Vajda, Attila"]
[Result "0-1"]
[WhiteElo "2082"]
[BlackElo "1992"]
[PlyCount "80"]
[EventDate "2010.09.12"]
[EventType "team-tourn"]
[EventRounds "11"]
[EventCountry "HUN"]
[SourceTitle "EXT 2012"]
[Source "ChessBase"]
[SourceDate "2011.11.24"]
[SourceVersion "1"]
[SourceVersionDate "2011.11.24"]
[SourceQuality "1"]
[WhiteTeam "Baki Agrocentrum"]
[BlackTeam "Tapolca"]
[WhiteTeamCountry "HUN"]
[BlackTeamCountry "HUN"]

1. Nf3 Nf6 2. b3 g6 3. Bb2 Bg7 4. e3 d5 5. d4 c6 6. Bd3 0-0 7. Nbd2 Nbd7 8. c4 Re8 9. Qc2 c5 10. 0-0 cxd4 11. exd4 Qc7 12. Rfe1 Qf4 13. g3 Qc7 14. Rac1 Nf8 15. Kg2 Qd7 16. cxd5 Nxd5 17. Qc5 Ne6 18. Qb5 a6 19. Qxd7 Bxd7 20. Ne5 Bxe5 21. dxe5 Nef4+ 22. gxf4 Nxf4+ 23. Kf1 Bh3+ 24. Kg1 Nxd3 25. Re3 Nxc1 26. Rxh3 Ne2+ 27. Kf1 Nf4 28. Rf3 Red8 29. Bc3 Rac8 30. Rxf4 Rxc3 31. Nf3 h5 32. Kg2 Rd1 33. Nd4 e6 34. Ne2 Rc2 35. Ng3 Rd5 36. Re4 Rxa2 37. Re3 Kg7 38. h3 Rb5 39. Ne2 Rxe2 40. Rxe2 Rxb3 0-1

[Event "HUN-chT2 Szechenyi 0910"]
[Site "Hungary"]
[Date "2010.03.21"]
[Round "8.4"]
[White "Pinterne, Kovacs Marta"]
[Black "Angyalosi, Daniel"]
[Result "1/2-1/2"]
[WhiteElo "2145"]
[BlackElo "2032"]
[PlyCount "63"]
[EventDate "2009.11.08"]
[EventType "team-tourn"]
[EventRounds "11"]
[EventCountry "HUN"]
[SourceTitle "EXT 2011"]
[Source "ChessBase"]
[SourceDate "2010.11.26"]
[SourceVersion "1"]
[SourceVersionDate "2010.11.26"]
[SourceQuality "1"]
[WhiteTeam "Keszthely"]
[BlackTeam "Baki Agrocentrum"]
[WhiteTeamCountry "HUN"]
[BlackTeamCountry "HUN"]

1. Nf3 c5 2. b3 Nc6 3. e3 Nf6 4. Bb5 g6 5. Bb2 Bg7 6. 0-0 0-0 7. d3 d5 8. Bxc6 bxc6 9. Nbd2 Qc7 10. Ne5 Ng4 11. Ndf3 d4 12. Nxg4 Bxg4 13. exd4 cxd4 14. h3 Bxf3 15. Qxf3 Rad8 16. Rfe1 e6 17. a4 a5 18. Re2 Rd5 19. Ba3 c5 20. Qe4 Rf5 21. g3 Rc8 22. Rae1 Qc6 23. Qxc6 Rxc6 24. Kg2 Rd5 25. Bc1 Rd7 26. Bd2 Ra6 27. Re4 Ra8 28. R4e2 Rd5 29. f4 h5 30. Kf3 Kh7 31. Re4 Ra6 32. g4 1/2-1/2

[Event "HUN-chT2 Szechenyi 0910"]
[Site "Hungary"]
[Date "2009.11.08"]
[Round "1.3"]
[White "Angyalosi, Daniel"]
[Black "Toronyi, David"]
[Result "0-1"]
[WhiteElo "2032"]
[BlackElo "2064"]
[PlyCount "60"]
[EventDate "2009.11.08"]
[EventType "team-tourn"]
[EventRounds "11"]
[EventCountry "HUN"]
[SourceTitle "EXT 2011"]
[Source "ChessBase"]
[SourceDate "2010.11.26"]
[SourceVersion "1"]
[SourceVersionDate "2010.11.26"]
[SourceQuality "1"]
[WhiteTeam "Baki Agrocentrum"]
[BlackTeam "Tapolca Szeremley"]
[WhiteTeamCountry "HUN"]
[BlackTeamCountry "HUN"]

1. Nf3 d5 2. b3 Nf6 3. Bb2 e6 4. e3 Nbd7 5. a3 c5 6. d4 Be7 7. Nbd2 0-0 8. Bd3 b6 9. 0-0 Bb7 10. Qe2 Rc8 11. Rac1 Qc7 12. c4 Qb8 13. cxd5 Nxd5 14. Bb5 N7f6 15. dxc5 Bxc5 16. Be5 Bd6 17. Bb2 Ng4 18. h3 Ne5 19. Ng5 h6 20. Nge4 Be7 21. b4 Rfd8 22. f4 Ng6 23. Rxc8 Rxc8 24. Bd3 Rd8 25. Bb1 a5 26. b5 f5 27. Nc3 Nxc3 28. Bxc3 Bxa3 29. Nc4 Bc5 30. Qh5 Nxf4 0-1

[Event "HUN-chT2 Szechenyi 0809"]
[Site "Hungary"]
[Date "2009.02.22"]
[Round "8.3"]
[White "Angyalosi, Daniel"]
[Black "Tamas, Gyorgy"]
[Result "1/2-1/2"]
[WhiteElo "2040"]
[BlackElo "2133"]
[PlyCount "20"]
[EventDate "2008.10.26"]
[EventType "team-tourn"]
[EventRounds "11"]
[EventCountry "HUN"]
[SourceTitle "EXT 2010"]
[Source "ChessBase"]
[SourceDate "2010.11.25"]
[SourceVersion "1"]
[SourceVersionDate "2010.11.25"]
[SourceQuality "1"]
[WhiteTeam "Baki Agrocentrum"]
[BlackTeam "Zala Volan"]
[WhiteTeamCountry "HUN"]
[BlackTeamCountry "HUN"]

1. Nf3 Nf6 2. c4 c5 3. Nc3 d5 4. cxd5 Nxd5 5. g3 g6 6. Bg2 Bg7 7. 0-0 Nxc3 8. dxc3 0-0 9. Bg5 Nc6 10. Qc1 Qc7 1/2-1/2

[Event "HUN-chT2 Szechenyi 0809"]
[Site "Hungary"]
[Date "2008.12.21"]
[Round "4.2"]
[White "Kiss, Robert"]
[Black "Angyalosi, Daniel"]
[Result "1/2-1/2"]
[WhiteElo "2112"]
[BlackElo "2040"]
[PlyCount "113"]
[EventDate "2008.10.26"]
[EventType "team-tourn"]
[EventRounds "11"]
[EventCountry "HUN"]
[SourceTitle "EXT 2010"]
[Source "ChessBase"]
[SourceDate "2010.11.25"]
[SourceVersion "1"]
[SourceVersionDate "2010.11.25"]
[SourceQuality "1"]
[WhiteTeam "Arboretum"]
[BlackTeam "Baki Agrocentrum"]
[WhiteTeamCountry "HUN"]
[BlackTeamCountry "HUN"]

1. d4 Nf6 2. Bg5 d5 3. Bxf6 exf6 4. e3 c6 5. Bd3 Bd6 6. Ne2 Nd7 7. c4 dxc4 8. Bxc4 Nb6 9. Bb3 Qe7 10. 0-0 0-0 11. Nbc3 Be6 12. Ng3 Bxg3 13. hxg3 f5 14. Ne2 Bxb3 15. Qxb3 Nd5 16. Nc1 Nf6 17. Nd3 Ng4 18. Rac1 Rab8 19. Rc5 g6 20. Nf4 Nf6 21. Rfc1 Ne4 22. Re5 Qf6 23. Ra5 a6 24. Nd3 Qd8 25. Ra3 Re8 26. Nc5 Nf6 27. Qc2 Qe7 28. Rb3 Kg7 29. a4 Qc7 30. Qd2 Re7 31. Ra3 a5 32. b4 axb4 33. Qxb4 Nd5 34. Qb2 Ra8 35. Nd3 Qd6 36. a5 Ra6 37. Nc5 Ra7 38. Rb3 Qc7 39. Rb1 Qxa5 40. Nxb7 Qa2 41. Qc1 Rc7 42. Nc5 Qe2 43. R3b2 Qh5 44. Nd3 Ra3 45. Nf4 Nxf4 46. gxf4 Qh4 47. Qc5 Raa7 48. Rb8 Re7 49. Qxc6 Ra2 50. R8b2 Rxb2 51. Rxb2 Rxe3 52. Qc1 Re4 53. g3 Qe7 54. Rb1 Rxd4 55. Qc3 Qf6 56. Qc8 Rd8 57. Qc7 1/2-1/2

[Event "HUN-ch Seniors"]
[Site "Ajka"]
[Date "2005.03.25"]
[Round "3"]
[White "Angyalosi, Daniel"]
[Black "Reiter, Laszlo"]
[Result "1-0"]
[WhiteElo "2136"]
[BlackElo "2001"]
[PlyCount "65"]
[EventDate "2005.03.24"]
[EventType "swiss"]
[EventRounds "7"]
[EventCountry "HUN"]
[SourceTitle "EXT 2008"]
[Source "ChessBase"]
[SourceDate "2007.11.25"]
[SourceVersion "1"]
[SourceVersionDate "2007.11.25"]
[SourceQuality "1"]

1. Nf3 Nf6 2. d4 g6 3. c4 c5 4. Nc3 cxd4 5. Nxd4 Bg7 6. e4 d6 7. Be2 Bd7 8. 0-0 0-0 9. Be3 Nc6 10. Nxc6 Bxc6 11. Qc2 Qc7 12. f3 Rac8 13. Rac1 e6 14. Qb3 a6 15. Rfd1 Qb8 16. Qa3 Rfd8 17. Bb6 Rd7 18. b4 Bf8 19. Qb3 Re7 20. b5 Be8 21. a4 Nd7 22. Be3 Nc5 23. Qa2 a5 24. b6 Bc6 25. Nb5 Rd7 26. Na7 Bxa4 27. Re1 Bb3 28. Qxa5 Na6 29. Qb5 Rcd8 30. Qxb3 d5 31. cxd5 exd5 32. Bxa6 bxa6 33. Nc6 1-0

[Event "Zalakaros op 23rd"]
[Site "Zalakaros"]
[Date "2004.05.20"]
[Round "7"]
[White "Angyalosi, Daniel"]
[Black "Meshcheriakova, Evgenia"]
[Result "1-0"]
[WhiteElo "2095"]
[BlackElo "2206"]
[PlyCount "181"]
[EventDate "2004.05.14"]
[EventType "swiss"]
[EventRounds "9"]
[EventCountry "HUN"]
[SourceTitle "EXT 2008"]
[Source "ChessBase"]
[SourceDate "2007.11.25"]
[SourceVersion "1"]
[SourceVersionDate "2007.11.25"]
[SourceQuality "1"]

1. Nf3 Nf6 2. b3 e6 3. Bb2 Be7 4. e3 c5 5. Be2 0-0 6. 0-0 d6 7. d4 b6 8. c4 Bb7 9. Nc3 cxd4 10. Nxd4 a6 11. Bf3 Qc7 12. Rc1 Nbd7 13. Qe2 Rac8 14. Rfd1 Rfd8 15. h3 Bf8 16. Bxb7 Qxb7 17. Qf3 Qc7 18. g4 Ne5 19. Qg2 Ng6 20. g5 Nd7 21. Ne4 Nc5 22. Nc3 Qd7 23. Nde2 Ne5 24. Rc2 b5 25. cxb5 axb5 26. Rcd2 b4 27. Ne4 Nxe4 28. Qxe4 Qc6 29. Qxc6 Nxc6 30. f4 Ra8 31. Rc1 Rdc8 32. Ba1 Ne7 33. Rdc2 Rcb8 34. Rd1 Ra6 35. Kf2 Rba8 36. Rdd2 h6 37. gxh6 g6 38. Bf6 d5 39. Rc7 R6a7 40. Rdc2 Kh7 41. Nc1 Kxh6 42. Kf3 Rxc7 43. Rxc7 Rc8 44. Bxe7 Rxc7 45. Bxf8+ Kh5 46. Ne2 Rb7 47. Nc1 Rc7 48. Nd3 Rc3 49. Ne5 d4 50. Nc4 dxe3 51. Nxe3 g5 52. Bxb4 Rc1 53. Be7 gxf4 54. Kxf4 Re1 55. a4 e5+ 56. Kf3 Kg6 57. a5 f5 58. b4 f4 59. Ng2 Rf1+ 60. Ke4 Rf2 61. Nh4+ Kh5 62. a6 Re2+ 63. Kf5 Ra2 64. Kxe5 Rxa6 65. Nf3 Ra3 66. Kxf4 Rb3 67. h4 Rb1 68. Ke4 Rb3 69. Nd4 Rxb4 70. Bxb4 Kxh4 71. Bd6 Kg4 72. Nf3 Kh3 73. Ne1 Kg4 74. Bf4 Kh4 75. Kf3 Kh5 76. Nd3 Kg6 77. Ke4 Kf6 78. Nc5 Ke7 79. Ke5 Kf7 80. Bg5 Kg6 81. Ne6 Kh5 82. Kf4 Kg6 83. Nd8 Kh5 84. Be7 Kg6 85. Kg4 Kh6 86. Kf5 Kh5 87. Ne6 Kh6 88. Bg5+ Kh7 89. Kf6 Kh8 90. Kf7 Kh7 91. Nf8+ 1-0

[Event "Zalakaros op 23rd"]
[Site "Zalakaros"]
[Date "2004.05.19"]
[Round "6"]
[White "Ruszin, Rita"]
[Black "Angyalosi, Daniel"]
[Result "0-1"]
[WhiteElo "1915"]
[BlackElo "2095"]
[PlyCount "58"]
[EventDate "2004.05.14"]
[EventType "swiss"]
[EventRounds "9"]
[EventCountry "HUN"]
[SourceTitle "EXT 2008"]
[Source "ChessBase"]
[SourceDate "2007.11.25"]
[SourceVersion "1"]
[SourceVersionDate "2007.11.25"]
[SourceQuality "1"]

1. e4 c5 2. Nf3 Nc6 3. d4 cxd4 4. Nxd4 e5 5. Nb5 d6 6. Bc4 a6 7. N5c3 Nf6 8. Bg5 Be7 9. 0-0 Bg4 10. f3 Be6 11. Bxf6 Bxc4 12. Bxe7 Qb6+ 13. Rf2 Nxe7 14. b3 Be6 15. Na4 Qc7 16. Rd2 b5 17. Nb2 Rd8 18. Nd3 0-0 19. Na3 Qc3 20. Nf2 Qc5 21. Nb1 f5 22. Kh1 d5 23. exd5 Rxd5 24. Rxd5 Nxd5 25. Nd3 Qd4 26. c3 Qe3 27. a4 e4 28. Ne1 Qf2 29. Nc2 Nf4 0-1

[Event "Zalakaros op 23rd"]
[Site "Zalakaros"]
[Date "2004.05.18"]
[Round "5"]
[White "Angyalosi, Daniel"]
[Black "Vajda, Ildiko"]
[Result "1-0"]
[WhiteElo "2095"]
[BlackElo "1866"]
[PlyCount "53"]
[EventDate "2004.05.14"]
[EventType "swiss"]
[EventRounds "9"]
[EventCountry "HUN"]
[SourceTitle "EXT 2008"]
[Source "ChessBase"]
[SourceDate "2007.11.25"]
[SourceVersion "1"]
[SourceVersionDate "2007.11.25"]
[SourceQuality "1"]

1. Nf3 c5 2. e3 g6 3. d4 d6 4. Bc4 Bg7 5. 0-0 Nd7 6. Ng5 e6 7. Ne4 Qc7 8. dxc5 dxc5 9. Nd6+ Ke7 10. Nb5 Qb6 11. a4 Ngf6 12. Bd2 Ne4 13. Bc3 Nxc3 14. N1xc3 Ne5 15. a5 Qc6 16. Be2 Rd8 17. Qe1 a6 18. Na3 b5 19. axb6 Bb7 20. e4 Qxb6 21. f4 Nc6 22. Nc4 Qc7 23. e5 Nd4 24. Qh4+ Kf8 25. Bd3 Kg8 26. Nd6 Qc6 27. Be4 1-0

[Event "Zalakaros op 22nd"]
[Site "Zalakaros"]
[Date "2003.05.16"]
[Round "1"]
[White "Jakab, Attila"]
[Black "Angyalosi, Daniel"]
[Result "1/2-1/2"]
[WhiteElo "2388"]
[BlackElo "2088"]
[PlyCount "42"]
[EventDate "2003.05.16"]
[EventType "swiss"]
[EventRounds "9"]
[EventCountry "HUN"]
[SourceTitle "EXT 2005"]
[Source "ChessBase"]
[SourceDate "2004.11.15"]
[SourceVersion "1"]
[SourceVersionDate "2004.11.15"]
[SourceQuality "1"]

1. d4 Nf6 2. c4 e6 3. Nc3 Bb4 4. e3 b6 5. Nf3 0-0 6. Bd3 d5 7. 0-0 Ba6 8. Qe2 Nbd7 9. a3 Bxc3 10. bxc3 c5 11. a4 Re8 12. Nd2 e5 13. cxd5 Bxd3 14. Qxd3 exd4 15. cxd4 Nxd5 16. Ba3 cxd4 17. Qxd4 N7f6 18. Bb2 Qe7 19. Nc4 Rad8 20. Qh4 Qc7 21. Na3 Re4 1/2-1/2

[Event "Harkany Tenkes Cup 25th"]
[Site "Harkany"]
[Date "2001.11.19"]
[Round "1"]
[White "Angyalosi, Daniel"]
[Black "Zimmerman, Yuri"]
[Result "1/2-1/2"]
[WhiteElo "2081"]
[BlackElo "2359"]
[PlyCount "78"]
[EventDate "2001.11.19"]
[EventType "swiss"]
[EventRounds "9"]
[EventCountry "HUN"]
[SourceTitle "EXT 2004"]
[Source "ChessBase"]
[SourceDate "2003.11.25"]
[SourceVersion "1"]
[SourceVersionDate "2003.11.25"]
[SourceQuality "1"]

1. Nf3 Nf6 2. d4 g6 3. g3 Bg7 4. Bg2 0-0 5. c4 d6 6. Nc3 Nc6 7. 0-0 a6 8. e4 Bg4 9. Be3 Qc8 10. Re1 Re8 11. Qd2 e5 12. d5 Bxf3 13. dxc6 Bxg2 14. cxb7 Qxb7 15. Kxg2 Nxe4 16. Qd5 Qxd5 17. Nxd5 Rac8 18. Nb4 c6 19. Rad1 a5 20. Na6 Bf8 21. Bb6 Ng5 22. Bxa5 Ne6 23. b4 Re7 24. a4 Rb7 25. Rb1 Nd4 26. Rec1 Bh6 27. Rd1 d5 28. Nc5 Re7 29. cxd5 cxd5 30. Nb3 Ne2 31. b5 d4 32. Bb4 Rb7 33. Nc5 Rb6 34. Re1 Nc3 35. Ra1 Nxb5 36. Nd7 Rb7 37. Nc5 Rb6 38. Nd7 Rb7 39. Nc5 Rb6 1/2-1/2

[Event "HUN-chT2 Charousek 0001"]
[Site "Hungary"]
[Date "2001.02.25"]
[Round "7"]
[White "Angyalosi, Daniel"]
[Black "Bodnar, Zoltan"]
[Result "0-1"]
[WhiteElo "2083"]
[BlackElo "2192"]
[PlyCount "72"]
[EventDate "2000.11.26"]
[EventType "team"]
[EventRounds "11"]
[EventCountry "HUN"]
[SourceTitle "EXT 2007"]
[Source "ChessBase"]
[SourceDate "2006.11.23"]
[SourceVersion "1"]
[SourceVersionDate "2006.11.23"]
[SourceQuality "1"]
[WhiteTeam "Csuti Hydro II"]
[BlackTeam "Keszthely"]
[WhiteTeamCountry "HUN"]
[BlackTeamCountry "HUN"]

1. Nf3 d5 2. b3 Nf6 3. Bb2 g6 4. e3 Bg7 5. c4 c6 6. d4 0-0 7. Bd3 a5 8. 0-0 Ne4 9. Nc3 Nxc3 10. Bxc3 Nd7 11. Qc2 Nb6 12. h3 Bf6 13. e4 dxe4 14. Bxe4 Be6 15. Rad1 Qc8 16. Bd2 a4 17. Bg5 axb3 18. axb3 Ra5 19. h4 Qa8 20. Qc3 Ra3 21. Bxf6 exf6 22. d5 cxd5 23. cxd5 Bg4 24. Ra1 f5 25. Ne5 Be2 26. Rxa3 Qxa3 27. Re1 Rc8 28. Qd4 Rc1 29. Qxb6 Rxe1+ 30. Kh2 Qc1 31. Qf6 Qf4+ 32. g3 Qxf2+ 33. Bg2 Qg1+ 34. Kh3 Bg4+ 35. Nxg4 fxg4+ 36. Kxg4 Qxg2 0-1

[Event "HUN-ch op"]
[Site "Zalakaros"]
[Date "2001.??.??"]
[Round "4"]
[White "Antal, Sebestyen Jr"]
[Black "Angyalosi, Daniel"]
[Result "1-0"]
[WhiteElo "2272"]
[BlackElo "2083"]
[PlyCount "93"]
[EventDate "2001.??.??"]
[EventType "swiss"]
[EventRounds "9"]
[EventCountry "HUN"]
[SourceTitle "EXT 2002"]
[Source "ChessBase"]
[SourceDate "2001.11.25"]
[SourceVersion "1"]
[SourceVersionDate "2001.11.25"]
[SourceQuality "1"]

1. e4 c5 2. Nf3 Nc6 3. d4 cxd4 4. Nxd4 Nf6 5. Nc3 e5 6. Ndb5 d6 7. a4 a6 8. Na3 Be6 9. Bc4 Rc8 10. 0-0 Bxc4 11. Nxc4 Nd4 12. Qd3 Qc7 13. Ne3 g6 14. Bd2 Bg7 15. Rac1 0-0 16. f4 Nd7 17. Ned5 Qd8 18. f5 f6 19. Be3 gxf5 20. exf5 Nc6 21. Ne4 Qa5 22. Nxd6 Rb8 23. Nc3 Nb6 24. Kh1 h6 25. Qe4 Rfd8 26. Nxb7 Rxb7 27. Qxc6 Rdb8 28. Qe6+ Kh7 29. Ne4 Nd5 30. Bd2 Qxa4 31. Qxd5 Rd7 32. b3 Rxd5 33. bxa4 Rd4 34. Rfe1 Rbd8 35. Ba5 Rc8 36. Bb6 Rxa4 37. Kg1 h5 38. Kf2 Rcc4 39. Nd2 Rf4+ 40. Kg1 Rxf5 41. c4 Rg5 42. Be3 Rg6 43. c5 f5 44. c6 Rag4 45. Re2 f4 46. c7 fxe3 47. Nf1 1-0

[Event "HUN-ch op"]
[Site "Zalakaros"]
[Date "2001.??.??"]
[Round "8"]
[White "Marton, Istvan"]
[Black "Angyalosi, Daniel"]
[Result "1/2-1/2"]
[WhiteElo "2157"]
[BlackElo "2083"]
[PlyCount "70"]
[EventDate "2001.??.??"]
[EventType "swiss"]
[EventRounds "9"]
[EventCountry "HUN"]
[SourceTitle "EXT 2002"]
[Source "ChessBase"]
[SourceDate "2001.11.25"]
[SourceVersion "1"]
[SourceVersionDate "2001.11.25"]
[SourceQuality "1"]

1. d4 Nf6 2. c4 e6 3. Nc3 Bb4 4. a3 Bxc3+ 5. bxc3 c5 6. Nf3 0-0 7. Qc2 d5 8. cxd5 exd5 9. Bg5 Nbd7 10. e3 h6 11. Bh4 b6 12. Bb5 Bb7 13. Bxd7 Qxd7 14. Bxf6 gxf6 15. 0-0 c4 16. Nh4 Rae8 17. Qf5 Qxf5 18. Nxf5 Bc8 19. Nd6 Re6 20. Nxc8 Rxc8 21. Rab1 a6 22. a4 f5 23. g3 Kf8 24. Kg2 Ke7 25. Kf3 Rcc6 26. Rb2 Kf6 27. Rfb1 Kg5 28. h3 h5 29. Rg1 Re4 30. Rgb1 Ree6 31. h4+ Kf6 32. Kf4 Re4+ 33. Kf3 Ree6 34. Ke2 Ke7 35. Kd2 Kd7 1/2-1/2

[Event "Zalakaros op 19th"]
[Site "Zalakaros"]
[Date "2000.05.23"]
[Round "5"]
[White "Angyalosi, Daniel"]
[Black "Piber, Vincencij"]
[Result "1-0"]
[WhiteElo "2106"]
[BlackElo "2020"]
[PlyCount "35"]
[EventDate "2000.05.??"]
[EventType "swiss"]
[EventRounds "9"]
[EventCountry "HUN"]
[SourceTitle "EXT 2002"]
[Source "ChessBase"]
[SourceDate "2001.11.25"]
[SourceVersion "1"]
[SourceVersionDate "2001.11.25"]
[SourceQuality "1"]

1. Nf3 Nf6 2. b3 e6 3. Bb2 b6 4. e3 c5 5. Be2 Bb7 6. 0-0 Be7 7. d4 d6 8. c4 0-0 9. Nc3 Nbd7 10. Qc2 h6 11. Rad1 a6 12. e4 Qc7 13. Rd2 cxd4 14. Nxd4 Qc5 15. Kh1 d5 16. exd5 exd5 17. Nf5 Rfc8 18. Na4 1-0

[Event "Cseppko op 09th"]
[Site "Aggtelek"]
[Date "2000.??.??"]
[Round "?"]
[White "Angyalosi, Daniel"]
[Black "Bandy, Attila"]
[Result "0-1"]
[WhiteElo "2083"]
[BlackElo "2205"]
[PlyCount "52"]
[EventDate "2000.07.??"]
[EventType "swiss"]
[EventRounds "9"]
[EventCountry "HUN"]
[SourceTitle "EXT 2004"]
[Source "ChessBase"]
[SourceDate "2003.11.25"]
[SourceVersion "1"]
[SourceVersionDate "2003.11.25"]
[SourceQuality "1"]

1. d4 d5 2. c4 e6 3. Nc3 c6 4. Nf3 dxc4 5. e3 b5 6. a4 Bb4 7. Ne5 Nf6 8. Bd2 Bxc3 9. Bxc3 Qd5 10. Be2 Nbd7 11. 0-0 Ne4 12. f4 Nxc3 13. bxc3 Nxe5 14. fxe5 Bb7 15. Bf3 Qd7 16. e4 0-0 17. axb5 cxb5 18. Ra5 a6 19. Qb1 Qe7 20. Re1 f6 21. exf6 Rxf6 22. e5 Rxf3 23. gxf3 Qg5+ 24. Kf2 Rf8 25. Re4 Qd2+ 26. Kg3 Qxc3 0-1

[Event "Cseppko op 09th"]
[Site "Aggtelek"]
[Date "2000.??.??"]
[Round "?"]
[White "Angyalosi, Daniel"]
[Black "Vereb, Gabor"]
[Result "1/2-1/2"]
[WhiteElo "2083"]
[BlackElo "2150"]
[PlyCount "94"]
[EventDate "2000.07.??"]
[EventType "swiss"]
[EventRounds "9"]
[EventCountry "HUN"]
[SourceTitle "EXT 2004"]
[Source "ChessBase"]
[SourceDate "2003.11.25"]
[SourceVersion "1"]
[SourceVersionDate "2003.11.25"]
[SourceQuality "1"]

1. d4 Nf6 2. c4 g6 3. Nc3 Bg7 4. e4 0-0 5. f3 d6 6. Be3 Nc6 7. Nge2 a6 8. Qd2 Rb8 9. Nc1 e5 10. d5 Nd4 11. Nb3 Nxb3 12. axb3 Nh5 13. Bd3 f5 14. exf5 gxf5 15. 0-0-0 e4 16. fxe4 f4 17. Ba7 Ra8 18. Bf2 Be5 19. Be2 Nf6 20. h3 Bxc3 21. Qxc3 Nxe4 22. Qf3 Nxf2 23. Qxf2 Qg5 24. Kb1 Bf5+ 25. Ka2 a5 26. Bd3 a4 27. b4 Rae8 28. Bxf5 Rxf5 29. Rd4 a3 30. Rf1 axb2 31. Rxf4 Rxf4 32. Qxf4 b1Q+ 33. Kxb1 Re1+ 34. Ka2 Qxg2+ 35. Rf2 Qg7 36. Qf6 Re2+ 37. Kb3 Qxf6 38. Rxf6 Re3+ 39. Ka4 Kg7 40. Rf4 Rxh3 41. c5 dxc5 42. bxc5 Rd3 43. Rf5 Kg6 44. Re5 Kf6 45. Rh5 Rd4+ 46. Kb5 Kg6 47. Re5 Kf6 1/2-1/2